Los delfines, la telepatía y los partos bajo el agua : aventuras entre las inteligencias espirituales (Registro nro. 663238)

Detalles MARC
001 - NÚMERO DE CONTROL
campo de control 1347554
005 - FECHA Y HORA DE LA ÚLTIMA TRANSACCIÓN
campo de control 20260508084437.0
008 - DATOS DE LONGITUD FIJA--INFORMACIÓN GENERAL
campo de control de longitud fija 131021e19951021 spa
020 ## - NÚMERO INTERNACIONAL ESTÁNDAR DEL LIBRO
Número Internacional Estándar del Libro 9788487232626
035 ## - NÚMERO DE CONTROL DEL SISTEMA
Número de control de sistema 1347554
040 ## - FUENTE DE LA CATALOGACIÓN
Centro/agencia transcriptor comduadb
041 ## - CÓDIGO DE LENGUA
Código de lengua del texto/banda sonora o título independiente spa
082 #4 - NÚMERO DE LA CLASIFICACIÓN DECIMAL DEWEY
Número de clasificación 133
100 10 - ENTRADA PRINCIPAL--NOMBRE DE PERSONA
Nombre de persona Wyllie, Timothy
Código de función aut
Término indicativo de función/relación Autor/a
9 (RLIN) 474000
245 14 - MENCIÓN DE TÍTULO
Título Los delfines, la telepatía y los partos bajo el agua : aventuras entre las inteligencias espirituales
250 ## - MENCIÓN DE EDICIÓN
Mención de edición 1. ed.
260 ## - PUBLICACIÓN, DISTRIBUCIÓN, ETC.
Lugar de publicación, distribución, etc. Barcelona :
Nombre del editor, distribuidor, etc. Ediciones Luciérnaga,
Fecha de publicación, distribución, etc. 1995.
300 ## - DESCRIPCIÓN FÍSICA
Extensión 334 páginas
520 3# - SUMARIO, ETC.
Sumario, etc. Timothy Wyllie nos revela en este libro el mensaje que los delfines han decidido transmitir a la humanidad, ayudándonos a liberar los pensamientos que nos limitan. Nos enseña a ser coocreadores de la verdadera dimensión del ser, junto con todos los seres celestiales que acompañan el viaje de nuestra especie. Desde tiempos antiguos el ser humano ha comprendido sus limitaciones, buscando tanto en los dioses como en sus orígenes una respuesta capaz de explicar el sentido de la existencia. ¿Pertenecen los delfines a una raza superior a la del hombre? ¿Están realmente colaborando en el proceso de concienciación global de la humanidad?
650 ## - PUNTO DE ACCESO ADICIONAL DE MATERIA--TÉRMINO DE MATERIA
Término de materia o nombre geográfico como elemento de entrada Delfines - Aspectos psicológicos
9 (RLIN) 204827
650 ## - PUNTO DE ACCESO ADICIONAL DE MATERIA--TÉRMINO DE MATERIA
Término de materia o nombre geográfico como elemento de entrada Telepatia
9 (RLIN) 19957
650 ## - PUNTO DE ACCESO ADICIONAL DE MATERIA--TÉRMINO DE MATERIA
Término de materia o nombre geográfico como elemento de entrada Parto en agua
9 (RLIN) 151387
650 #7 - PUNTO DE ACCESO ADICIONAL DE MATERIA--TÉRMINO DE MATERIA
Término de materia o nombre geográfico como elemento de entrada Chamanismo
Fuente del encabezamiento o término armarc
9 (RLIN) 471
650 ## - PUNTO DE ACCESO ADICIONAL DE MATERIA--TÉRMINO DE MATERIA
Término de materia o nombre geográfico como elemento de entrada Angeles
9 (RLIN) 9223
942 ## - ELEMENTOS DE ENTRADA AGREGADA (KOHA)
Tipo de ítem Koha Libros
Existencias
Estado de retiro Estado de pérdida Fuente del sistema de clasificación o colocación Estado dañado No para préstamo Código de colección Localización permanente Ubicación/localización actual Fecha de adquisición Fuente de adquisición Forma de adquisición Coste, precio normal de compra Número de inventario Total de préstamos Signatura topográfica completa Código de barras Fecha visto por última vez Número de copia Precio válido a partir de Tipo de ítem Koha
    Clasificación Decimal Dewey     Colección General Biblioteca Campus El Carmen de Viboral Biblioteca Campus El Carmen de Viboral 24/02/2014 Material adquirido por donación Donación 27200.00 C1198197   133.9 W983 0979314 02/05/2023 1 02/05/2023 Libros